000 00199nam a2200109Ia 4500
100 _a#N/A
942 _cBK
245 _aPlayware ; Great Diwali
260 _b#N/A
546 _aENGLISH
999 _c31641
_d31641